000 00485 a2200169 4500
003 OSt
005 20231027145633.0
008 231027b |||||||| |||| 00| 0 eng d
020 _a9789356434899
040 _coclc
082 _a894.8123
_bRAS/P
100 0 _aR̲ihān R̲āṣid
_99776
245 _a PRANAYAJINNUKAL /
_cRihan Rashid
260 _aKottayam:
_bDC Books,
_c2023
300 _a296 p,
_b21 cm
942 _2ddc
_cBK
_h894.8123
_iRAS/P
_k894.8123
_mRAS/P
999 _c42940
_d42940